| 000 | 00000nam 2200000zi 4500 |
| 001 | 9.870447 |
| 003 | CaOODSP |
| 005 | 20221107163123 |
| 006 | m o d f |
| 007 | cr ||||||||||| |
| 008 | 190322t20192019qucad o f000 0 eng d |
| 020 | |a9780660302294 |
| 040 | |aCaOODSP|beng|erda|cCaOODSP |
| 043 | |an-cn--- |
| 086 | 1 |aCW66-312/2019E-PDF |
| 245 | 04|aThe state of Canada's birds 2019. |
| 264 | 1|a[Gatineau QC ] : |bEnvironment and Climate Change Canada, |c2019. |
| 264 | 4|c©2019 |
| 300 | |a1 online resource (12 unnumbered pages) : |billustrations (chiefly colour), colour graphs |
| 336 | |atext|btxt|2rdacontent |
| 337 | |acomputer|bc|2rdamedia |
| 338 | |aonline resource|bcr|2rdacarrier |
| 500 | |aTitle from cover. |
| 500 | |aIssued also in French under title: L’état des populations d’oiseaux du Canada 2019. |
| 500 | |a"This report was prepared on behalf of the North American Bird Conservation Initiative Canada (NABCI Canada) by a steering committee that included members from Environment and Climate Change Canada (ECCC), Bird Studies Canada (BSC), Nature Canada (NC), and Ducks Unlimited Canada (DUC)." |
| 650 | 0|aBirds|xConservation|zCanada. |
| 650 | 0|aBird populations|xEstimates|zCanada. |
| 710 | 1 |aCanada. |bEnvironment and Climate Change Canada, |eissuing body. |
| 775 | 08|tL’état des populations d’oiseaux du Canada 2019.|w(CaOODSP)9.870449 |
| 776 | 0#|tThe state of Canada's birds 2019. |w(CaOODSP)9.870448 |
| 795 | |tThe state of Canada's birds 2012 / |w(CaOODSP)9.696709 |
| 856 | 40|qPDF|s8.23 MB|uhttps://publications.gc.ca/collections/collection_2020/eccc/cw66/CW66-312-2019-eng.pdf |